000 00988nam a2200253 a 4500
001 000045758
005 20240315194505.0
008 150511s2013 dr ac 000 0 spa d
040 _aDO-SdBNP
_bspa
_cBNPHU
082 _axxxx
_bxxxx
100 1 _aDespradel, Carlos
_d1942-
_99280
245 1 0 _aInterior :
_bcosechas de la República Dominicana = Harvest of the Dominican Republic /
_ctextos, Carlos Despradel ; fotografías, Miriam Calzada, Eladio Fernández, Pedro Genaro ; traducción, Josefina Dieguez.
246 1 _aHarvest of the Dominican Republic
250 _aEd. bilingüe
260 _aSanto Domingo :
_bVICINI,
_c2013.
300 _av. :
_bil., retrs. ;
_c33 cm.
500 _aLa biblioteca posee el vol. IV.
504 _aBibliografía : p. [57] :
546 _aTexto en inglés y español
700 1 2 _aCalzada, Miriam,
_efot.
_969594
700 1 2 _aFernández, Eladio,
_efot.
_969578
700 1 2 _aGenaro, Pedro,
_efot.
_973833
700 1 2 _aDieguez, Josefina,
_etr.
_973834
999 _c45247
_d45247